000 00576nam a22001937a 4500
003 OSt
005 20240624130200.0
008 240624b |||||||| |||| 00| 0 eng d
020 _a9810245653
040 _cMUST
082 _a539 DAH 2001
100 _4Dahl, Jens
245 _aIntroduction to the Quantum world of Atoms and molucules
260 _aLondon
_b: World Scientific Publishing Co. pte Ltd
_c, c2001
300 _axii,460p.
_b: ill
_c;22 cm
504 _aincludes index includes appendix
650 _2Quantum world of molecules and Atoms
942 _2ddc
_cO_SHELF
999 _c8753
_d8753